Country Flags Drawn From Memory #3 - Statistics

General Stats
  • This quiz has been taken 22 times
  • The average score is 24 of 28
Answer Stats
Picture Answer % Correct
Portugal
100%
Bahrain
95%
Belarus
95%
Canada
95%
Eswatini
95%
Hungary
95%
India
95%
Nigeria
95%
Seychelles
95%
Venezuela
95%
Vietnam
95%
Barbados
90%
Chile
90%
Egypt
90%
Ghana
90%
Kuwait
90%
Mali
90%
Montenegro
90%
Singapore
90%
Ecuador
86%
El Salvador
86%
Maldives
86%
Turkmenistan
86%
Costa Rica
81%
Guyana
76%
Namibia
76%
Tanzania
57%
Paraguay
10%
No matching quizzes found
Score Distribution
Percent of People with Each Score
Percentile by Number Answered
Your Score History
You have not taken this quiz